000 00748 a2200253 4500
001 200003089
650 0 _aAdministrative law
_zTurkey
_xTurkey.
_910432
999 _c200003089
_d29822
003 TR-AnTOB
005 20250808120503.0
008 110302s2004 tu 000 0 d
020 _a9753682875
040 _aDEUX
041 _atur
050 4 _aKKX2720
_b.Ö93 2004
090 _aKKX2720 .Ö93 2004
100 1 _aÖzay, İlhan.
_973147
245 1 0 _aGünışığında yönetim :
_bXXI inci yüzyılın ilk çeyreğinin Jön Türk"lerine /
_cİlhan Özay.
264 1 _aİstanbul ;:
_bFiliz Kitabevi,
_cc2004.
300 _axxxix, 1035 p.;
_c24 cm.
504 _aBibliography: p. [409]-419.
650 0 _aİdare hukuku
_zTürkiye
_910433
942 _cBK